| 000 | 01435cam a22003738i 4500 | ||
|---|---|---|---|
| 005 | 20260322212049.0 | ||
| 008 | data | ||
| 010 | _a 2014007560 | ||
| 020 | _a9780147513489 (pbk.) | ||
| 020 | _a0147513480 | ||
| 040 |
_aDLC _beng _cDLC _erda |
||
| 042 | _apcc | ||
| 050 | 0 | 0 |
_aPR6054.A35 _bZ737 2014 |
| 082 | 0 | 0 |
_a823/.914 _223 |
| 099 | _a823.91 Z737 2014 | ||
| 100 | 1 | _aMangan, Lucy. | |
| 245 | 1 | 0 |
_aInside Charlie's Chocolate Factory : _bthe Complete Story of Willy Wonka, the Golden Ticket, and Roald Dahl's Greatest Creation / _cLucy Mangan. |
| 260 |
_aNew york : _bPuffin Books, _c2014. |
||
| 263 | _a1403 | ||
| 264 | 1 |
_aNew York : _bPuffin Books, _c2014. |
|
| 300 | _apages cm | ||
| 336 |
_atext _2rdacontent |
||
| 337 |
_aunmediated _2rdamedia |
||
| 338 |
_avolume _2rdacarrier |
||
| 504 | _aIncludes bibliographical references and index. | ||
| 600 | 1 | 0 |
_aDahl, Roald. _tCharlie and the chocolate factory _vJuvenile literature. |
| 600 | 1 | 0 |
_aDahl, Roald _xFilm and video adaptations _vJuvenile literature. |
| 650 | 0 |
_aChildren's stories, English _xHistory and criticism _vJuvenile literature. |
|
| 906 |
_a7 _bcbc _corignew _d1 _eecip _f20 _gy-gencatlg |
||
| 925 | 0 |
_aacquire _b2 shelf copies _xpolicy default |
|
| 955 | _wxk14 2014-02-24 to CIP | ||
| 963 | _aKim Wiley; phone: 212-414-3486; email: [email protected]; bc: [email protected] | ||
| 001 | data | ||
| 999 |
_c1161 _d1161 |
||